| 000 | 00457cam a2200181ua 4500 | ||
|---|---|---|---|
| 020 | _c80.00 | ||
| 041 |
_aeng _h |
||
| 082 |
_a307 _bROS/CA |
||
| 100 | _aRoss, Murry.G . | ||
| 245 |
_aCase histories in community organization / _cG.Murry Ross. _hTextual Documents |
||
| 250 |
_a1 / _b. |
||
| 260 |
_aNew York : _bHarper and Row Publishers , _c1958. |
||
| 300 | _a259 ; . | ||
| 365 | _a80.00 | ||
| 504 | _a | ||
| 942 | _cBK | ||
| 999 |
_c1883 _d1883 |
||